000 00973nam a22002657a 4500
005 20111117152653.0
008 111117t xxu||||| |||| 00| 0 eng d
010 _aENG-104140
020 _a9780071333412
_c425.00
020 _a007133341x
_c425.00
035 _aEN-87673
037 _bDBAD/PUB
040 _aDPL
_bEng
082 _a657.48
100 1 _aNeelkantan Ramchandran
_935917
245 1 _aFinancial accounting for management /
_cby Neelkantan Ramchandran [and] Ram Kumar Kakani
250 _a3rd ed
260 _aNew Delhi
_bTata McGraw-Hill
_c2011
270 _a7, West Patel Nagar,
_bNew Delhi
_e110 008
300 _axix, 753p.
_c24cm (pbk)
500 _aIncludes bibliographical refrences and index
700 1 _aKakani, Ram Kumar
_935918
942 _adpl
_cEN
_2ddc
_h657.48
_mNEE
999 _c58502
_d58502